Studies in Roman eighteenth-century printing /

Bibliographic Details
Main Author: Clark, Anthony M.
Other Authors: Bowron, Edgar Peters
Format: Book
Language:English
Published: Washington, D.C. : Decatur House Press, [1981]
Series:Art history series ; 4
Subjects:

MARC

Tag First Indicator Second Indicator Subfields
LEADER 00000cam a22000008a 4500
001 in00000088826
005 20151008063252.0
008 810527s1981 dcuaf b 00110 eng
010 |a  81005573  
020 |a 0916276104 
035 |a (OCoLC)07574022 
035 |9 AAK1910AM 
039 0 |a 2  |b 3  |c 3  |d 3  |e 3 
040 |a DLC  |c DLC  |d TXA  |d UtOrBLW 
043 |a e-it--- 
049 |a TXAM  |c [1672495] 
050 0 0 |a ND621.R6  |b C5 
082 0 |a 759.5/632  |2 19 
100 1 |a Clark, Anthony M. 
245 1 0 |a Studies in Roman eighteenth-century printing /  |c Anthony Morris Clark ; selected and edited by Edgar Peters Bowron. 
263 |a 8112 
264 1 |a Washington, D.C. :  |b Decatur House Press,  |c [1981] 
264 4 |c ©1981 
300 |a xxvi, 177 pages, 104 unnumbered pages of plates :  |b illustrations ;  |c 26 cm. 
336 |a text  |b txt  |2 rdacontent 
337 |a unmediated  |b n  |2 rdamedia 
338 |a volume  |b nc  |2 rdacarrier 
490 0 |a Art history series ;  |v 4 
504 |a Includes bibliographical references and index. 
650 0 |a Painting, Italian  |z Italy  |z Rome  |y 18th century. 
700 1 |a Bowron, Edgar Peters. 
999 |a MARS 
999 f f |s 2c6e9488-73dd-3701-821d-9b03a86a03fc  |i acb7b7e0-c95a-332e-b9a0-8e09a0c24a5f  |t 0 
952 f f |p normal  |a Texas A&M University  |b College Station  |c Sterling C. Evans Library  |d Evans: Library Stacks  |t 0  |e ND621.R6 C5  |h Library of Congress classification  |i unmediated -- volume  |m A14806169930 
998 f f |a ND621.R6 C5  |t 0  |l Evans: Library Stacks